The workplace you need now : shaping spaces for the future of work

Bibliographic Details
Main Authors: Rishi, Sanjay (Author), Breslau, Benjamin (Author), Miscovich, Peter (Author)
Format: Book
Language:English
Published: Hoboken, New Jersey : John Wiley & Sons, Inc. 2022
Subjects:

MARC

LEADER 00000cam a2200000 7i4500
001 0000030338
005 20241203.0
008 230830 njua eng
020 |a 9781119814801 (hbk) 
040 |a INS   |b eng   |e rda 
090 0 0 |a HD7261   |b .R4968 2022 
100 1 |a Rishi, Sanjay ,   |e author 
245 1 4 |a The workplace you need now :   |b shaping spaces for the future of work   |c Sanjay Rishi, Benjamin Breslau, Peter Miscovich 
264 1 |a Hoboken, New Jersey :   |b John Wiley & Sons, Inc.   |c 2022 
300 |a xxiv, 213 pages :   |b illustrations ;   |c 24 cm. 
336 |a text  |2 rdacontent 
337 |a unmediated  |2 rdamedia 
338 |a volume  |2 rdacarrier 
500 |a Includes index 
650 0 |a Flexible work arrangements 
650 0 |a Office buildings 
650 0 |a Office layout 
650 0 |a Organizational change 
650 0 |a Organizational effectiveness 
650 0 |a Work environment 
700 1 |a Breslau, Benjamin ,   |e author 
700 1 |a Miscovich, Peter ,   |e author 
999 |a 1000004781   |b BOOK   |c Open Shelf   |e Default branch